LEADER 01549nam 2200373Ia 450 001 996387173203316 005 20221108094405.0 035 $a(CKB)4940000000085495 035 $a(EEBO)2240897331 035 $a(OCoLC)9920430600971 035 $a(EXLCZ)994940000000085495 100 $a19980106d1640 uy | 101 0 $aeng 135 $aurbn||||a|bb| 200 14$aThe English schoole-master$b[electronic resource] $eteaching all his schollers of what age soever, the most easie, short, and perfect order of distinct reading and true writing our English-tongue ... /$fdevised for thy sake that wantest any part of this skill, by Edward Coote ... ; printed and approved by publike authority, and now the 18th time imprinted, with certaine copies to write by, at the end of this booke added 210 $aLondon $cPrinted by E.A. and T.F. for the Company of Stationers$d1640 215 $a[8], 85, [3] p 300 $aImperfect: faded, broken type, and print show-through. 300 $aMarginal notes. 300 $aSignatures: A-M?. 300 $aReproduction of original in: John Rylands University Library of Manchester. 330 $aeebo-0116 606 $aReaders (Primary) 606 $aEnglish language$yEarly modern, 1500-1700 615 0$aReaders (Primary) 615 0$aEnglish language 700 $aCoote$b Edmund$ffl. 1597.$01012997 801 0$bEBK 801 1$bEBK 801 2$bWaOLN 906 $aBOOK 912 $a996387173203316 996 $aThe English schoole-master$92425100 997 $aUNISA